LEADER 01122nam a2200277 i 4500 001 000000136542 003 CaOOAMICUS 005 20050409000000.0 008 050409s2005 it u000 u ita u 013 $a110244 020 $a88-372-2010-3 040 $aSeMil$bita 100 1 $aDestro, Adriana.$0(OLS)http://semarc/name/55567 245 10$aAntropologia e religioni :$bsistemi e strategie /$cAdriana Destro. 260 $aBrescia :$bMorcelliana,$c2005. 300 $a232 p. ;$c23 cm. 490 0 $aScienze umane : nuova serie ;$v1 500 $aContiene : Bibliografia. 650 4$aAntropologia religiosa.$0(OLS)http://semarc/subject/2795 830 0$aScienze umane. Nuova serie ;$v1.$0(OLS)http://semarc/title/17642 850 $aSeMil 852 $aSeMil$W1$xVenegono$y1$m3XB IV 14$j90136$B90136$CSeMilBibl$Z2$F94990 $81 961 $aRecupero: Seminario di Seveso 996 $6020$a88-372-2010-3$9(OLS)http://semarc/number/124065 996 $6245$aAntropologia e religioni :$bsistemi e strategie$9(OLS)http://semarc/title/199503 996 $6260$aBrescia :$bMorcelliana$9(OLS)http://semarc/publisher/29629 LEADER 00829nam a2200205 i 4500 001 000000035883 003 CaOOAMICUS 005 20150611000000.0 008 150611s1980 it u000 u ita u 013 $a4774 040 $aSeMil$bita 245 10$aAnni 1969-1975 /$c[a cura di Giorgio Basadonna e Vincenzo Sansonetti]. 300 $a188 p. 700 1 $aNarducci, Angelo.$0(OLS)http://semarc/name/14772 700 1 $aSansonetti, Vincenzo,$d<1952- >.$0(OLS)http://semarc/name/16808 700 1 $aBasadonna, Giorgio,$d<1922-2008>.$0(OLS)http://semarc/name/15224 773 0 $aNarducci, Angelo$tSe questo o quello.$dMilano : Tip. SAME, 1980-1985.$gVolume1$w()32029 850 $aSeMil 852 $aSeMil$W1$xVenegono$y1$m3N III 364$j2038$B2038$CSeMilBibl$Z2$F2038 $81 996 $6245$aAnni 1969-1975$9(OLS)http://semarc/title/49356